000 nam a22 7a 4500
999 _c8002
_d8002
008 171121b xxu||||| |||| 00| 0 eng d
100 _aLumley.R.
_94456
245 _aThe Elves and the shoemaker
260 _aEngland
_c1989